000 00545nam a2200229Ia 4500
003 OSt
005 20221005130947.0
006 a|||||r|||| 00| 0
007 ta
008 221004b |||||||| |||| 00| 0 hin d
024 _a56617
037 _cTextual
040 _aCRL
_cCRL
_bhin
041 _2hin
_ahin
082 _aO152,1I00x, F5
245 0 _aSatya Kabir ki sakhi
260 _c1925
300 _a316p.
_ccm.
650 _aENGLISH LITERATURE
942 _hO152,1I00x, F5
_cTEXL
_2cc
999 _c1058933
_d1058933